000 00462nam a22001937a 4500
003 UA-OsUOA
001 42965
007 ta
008 20090413b un ||||| |||| 00| 0 ukr d
090 _a94(477)
942 _cBKA
040 _aUA-OsUOA
_beng
_cUA-OsUOA
_dUA-OsUOA
245 _aThe Ukraine a Forgotten Nation
955 _a4
041 _aeng
080 _a94(477)
650 7 _a9 Географія. Біографії. Історія
_2UDC
999 _c441439
_d441439